LDR 01091naa#a2200229#i#450# 001 EN\\bibl\119806 005 20260425091009.6 011 ## _a0235-2524 100 ## _a20260407b2026####ek#y0engy0150####ca 102 ## _aRU 200 1# _aThe role of drainage in regulation of water exchange of irrigated lands on saline lands _eJournal article 210 1# _aMoscow _cANO Editorial Board Melioration and water management _d2026 215 ## _a4 с. 606 ## _aСельское хозяйство. 35.06.01 _2local 608 ## _aJournal article _2local 675 ## _aСпособы осушения. 631.626 _aИзбыток влаги. Уровень грунтовых вод. 631.621 _z 686 ## _aЕстественнонаучные и технические основы сельского хозяйства. 40 _2bbk 686 ## _aСельскохозяйственная мелиорация. 5607 _2tbk 686 ## _aСельскохозяйственная мелиорация. 68.31 _2grnti 700 #1 _aKudratov _gTolibzhon Uzbekovich 700 #1 _aYakubov _gMurat Adylovich 856 4# _amivh.editorum.ru _u